000
00258nam a2200109Ia 4500
008
190216s9999||||xx |||||||||||||| ||und||
100
_a
Muhamed Puzhakara
245
0
_a
Pallak Chumakkunnavar
260
_b
Victory Book Bouse
650
_a
Nadakam
942
_c
BK
999
_c
26489
_d
26489